1909 1802 1964 1109 1269 1465 1220 1441 1098 1159 1250 1304 1917 1115 1559 1064 1049 1796 1755 1008 1261 1588 1241 1157 1831 1290 1764 1156 1973 1919 1899 1999 1849 1961 1700 1628 1442 1444 1245 1021 1918 1157 1906 1362 1586 1410 1263 1432 1203 1716 1362 1865 1559 1486 1910 1881 1820 1509 1352 1605 1151 1423 1424 1526 1248 1532 1585 1415 1706 1949 1409 1443 1869 1956 1824 1159 1575 1390 1438 1627 1157 1297 1555 1887 1613 1876 1666 1251 1271 1755 1766 1070 1497 1339 1377 1621 1124 1277 1630 BCNSPRNW ULIB Ver.6.0+V

เปลี่ยนเป็นภาษาไทย

Change to English
 แสดงรายละเอียดบรรณานุกรม
  กลับหน้าหลัก

Brief Record : Get Marc (ISO 2709) : E-mail record : QR code < ปิดหน้าต่าง
LEADER : 00000nam 2200000uu 4500
001    13399121431
003     ULIB
008    020711s2549 th a 000 0 tha d
020    9749408381
090    นว.^bป691ร
100    ปิยะพร ศักดิ์เกษม
245    ระบำดาว /^cปิยะพร ศักดิ์เกษม
250    พิมพ์ครั้งที่ 5
260    กรุงเทพฯ :^bพิมพ์คำ,^c2549
945    ^p0^l0^i15310
999    ^aกัณชพร
รายการนี้ยังไม่มีแท็ก
คุณยังไม่ได้ล็อกอิน คุณสามารถมีกิจกรรมร่วมกับเว็บไซต์ได้ แต่ต้องล็อกอินก่อน ::
  ล็อกอิน

รายการสื่อสารสนเทศ

ลำดับที่ ประเภท เลขเรียก/บาร์โค้ด สถานที่ สถานะ
1. นวนิยาย
นวนิยาย
นว. ป691ร  
  Barcode: 15310
ห้องสมุดวิทยาเขตสวรรค์ประชารักษ์
►นวนิยาย
บนชั้น
  ขอยืม

BibComment


ยังไม่เคยถูกคอมเมนท์

คอมเมนท์ทรัพยากรรายการนี้
  คอมเมนท์: ระบำดาว ปิยะพร ..


 Copyright 2026. Bcnsprnw @Library